000 00454nam a2200193Ia 4500
005 20240823022028.0
008 240823s9999||||xx |||||||||||||| ||und||
020 _a0-563-52000-0
041 _aENGLISH
082 _A658.45 P6
100 _a"Sutton,Sarah"
245 0 _aSay it With Confidence : The 7 Step Plan
250 _a1st
260 _c2006
_b"BBC Books,L"
500 _aYES
650 _aSpeech
_bGeneral
942 _cBK
999 _c178221
_d178221